Vybrané state z dynamiky

Bibliographic Details
Main Author: Záhorec, Ondrej, 1939- (Author)
Format: Book
Language:Slovak
PhysicalDescription:179 s. grafy, sch., tab. 29 cm
Published: Bratislava Slovenská vysoká škola technická 1979
Edition:2. vyd.
Series:Vysokoškolské učebné texty
Subjects:

MARC

LEADER 00000cam a2200000 a 4500
001 vtls001108069
003 SK-MaSNL
005 20260301191616.0
008 250313s1979 xo a e 000 0 slo
015 |a SNBA1979 
020 |q (brož.) 
035 |a SNK000050911 
035 |a urn:nbn:sk:snk-aml7ou 
035 |a urn:nbn:sk:snk-am008tdj 
035 |a B6893521-65DE-4AF3-9411-99FAFC3D2AA7 
040 |a SNK  |b slo  |c SNK  |e AACR2 
041 0 |a slo 
044 |a xo  |c SK 
080 |a 531.3+534.1(075.8)  |2 1981 
080 |a 534.1+531.3(075.8)  |2 1981 
100 1 |a Záhorec, Ondrej,  |d 1939-  |4 aut  |9 219114 
245 1 0 |a Vybrané state z dynamiky  |c Ondrej Záhorec 
250 |a 2. vyd. 
260 |a Bratislava  |b Slovenská vysoká škola technická  |c 1979 
300 |a 179 s.  |b grafy, sch., tab.  |c 29 cm 
366 |e 100 výt. 
490 1 |a Vysokoškolské učebné texty 
504 |a Bibliogr. 
650 0 7 |a dynamika  |2 SNKPH  |9 3623 
650 0 7 |a mechanika  |2 SNKPH  |9 706 
650 0 7 |a kmity  |2 SNKPH  |9 67414 
650 0 7 |a dynamické systémy  |2 SNKPH  |9 63331 
655 7 |a učebnice vysokých škôl  |2 SNKPH  |9 70191 
810 2 |a Slovenská vysoká škola technická v Bratislave  |t Vysokoškolské učebné texty  |9 423573 
830 0 |a Vysokoškolské učebné texty  |9 276539 
852 |a Slovenská národná knižnica 
958 |a OND 
958 |a NB 
999 |c 871657  |d 873587 
952 |a SNK  |b SNK  |y PREZ  |7 0  |p 17A0986976  |o snkSB 29492  |i snkKSP 1715/80  |0 0  |1 0  |4 0  |d 2014-09-23  |f 1  |l 0  |r 2025-04-02 00:00:00  |w 2026-02-24 
952 |a SNK  |b SNK  |y VYP  |7 0  |o snkSB 29492 D1  |i snkKSP 1716/80  |0 0  |1 0  |4 0  |d 2014-09-23  |l 0  |r 2026-02-24 05:45:27  |w 2026-02-24